The woman of Khajuraha. (Record no. 76191)

MARC details
000 -LEADER
fixed length control field 00623cam a22002171 4500
001 - CONTROL NUMBER
control field sa 67006840
003 - CONTROL NUMBER IDENTIFIER
control field DLC
005 - DATE AND TIME OF LATEST TRANSACTION
control field 20260227112410.0
008 - FIXED-LENGTH DATA ELEMENTS--GENERAL INFORMATION
fixed length control field 870908s1964 ii a 000 0 eng
010 ## - LIBRARY OF CONGRESS CONTROL NUMBER
LC control number sa 67006840
025 ## - OVERSEAS ACQUISITION NUMBER
Overseas acquisition number PL480:I-E-7303
035 ## - SYSTEM CONTROL NUMBER
System control number (OCoLC)16651235
040 ## - CATALOGING SOURCE
Original cataloging agency DLC
Transcribing agency WaU
Modifying agency WaU
-- DLC
042 ## - AUTHENTICATION CODE
Authentication code premarc
050 00 - LIBRARY OF CONGRESS CALL NUMBER
Classification number PK2098.D56
Item number W6
100 1# - MAIN ENTRY--PERSONAL NAME
Personal name Divya, Ambikā Prasāda Varmā,
Dates associated with a name 1907-1986.
245 14 - TITLE STATEMENT
Title The woman of Khajuraha.
260 ## - PUBLICATION, DISTRIBUTION, ETC.
Place of publication, distribution, etc. Ajaigarh [India]
Name of publisher, distributor, etc. Sahitya Sadan
Date of publication, distribution, etc. [1964]
300 ## - PHYSICAL DESCRIPTION
Extent 111 p.
Other physical details illus.
Dimensions 22 cm.
651 #0 - SUBJECT ADDED ENTRY--GEOGRAPHIC NAME
Geographic name Khajurāho (India)
General subdivision Description and travel
Form subdivision Poetry.

No items available.

Powered by Koha